MARC

LEADER 00000nam0a2200000 4500
001 354698
005 20231102010722.0
035 |a (RuTPU)RU\TPU\retro\11957 
090 |a 354698 
100 |a 20200625d1973 km y0rusy50 ca 
101 0 |a rus 
102 |a UA 
105 |a a z 001zy 
200 1 |a Вопросы теории проектирования систем автоматизации экспериментов  |f В. М. Египко, И. А. Погосян  |g Академия наук Украинской ССР, Институт кибернетики 
210 |a Киев  |c Наукова думка  |d 1973 
215 |a 114 с.  |c ил. 
320 |a Библиогр.: с. 112-113 
606 1 |a Эксперимент  |x Автоматизация  |x (научные исследования)  |2 stltpush  |3 (RuTPU)RU\TPU\subj\65935  |9 82258 
610 1 |a системы автоматизации экспериментов 
610 1 |a теория 
610 1 |a проектирование 
610 1 |a модели 
610 1 |a функционирование 
610 1 |a оптимизация 
610 1 |a техническое проектирование 
686 |a Ч215.31  |v LBC/SL-A  |2 rubbk 
700 1 |a Египко  |b В. М.  |g Владимир Михайлович 
701 1 |a Погосян  |b И. А.  |g Игорь Абрамович 
712 0 2 |a Академия наук Украинской ССР  |b Институт кибернетики  |c (Киев)  |c (1962-1991)  |2 stltpush  |3 (RuTPU)RU\TPU\col\11437  |9 25095 
801 1 |a RU  |b 63413507  |c 20200625 
801 2 |a RU  |b 63413507  |c 20210202  |g RCR 
942 |c BK